Statistics for Lana del Rey - Norman fucking Rockwell

Click here to take the quiz!

General Stats

  • This quiz has been taken 13 times
  • The average score is 168 of 202

Answer Stats

Answer% Correct
a
100%
almost
100%
child
100%
fucked
100%
Goddam,
100%
good
100%
"I
100%
I
100%
love
100%
man
100%
me
100%
said,
100%
so
100%
you?
100%
you"
100%
You
100%
you
100%
Your
100%
your
100%
and
90%
But
90%
do
90%
hands
90%
head
90%
in
90%
it
90%
It's
90%
just
90%
poet,
90%
that
90%
the
90%
through
90%
what
90%
You're
90%
you're
90%
all
80%
All
80%
As
80%
as
80%
bad
80%
blame
80%
blue
80%
Blue,
80%
blue,
80%
Can
80%
color
80%
don't
80%
know
80%
news
80%
poetry's
80%
put
80%
shit
80%
wild
80%
can't
70%
Cause
70%
change
70%
even
70%
foot
70%
fun
70%
mood
70%
of
70%
six
70%
two
70%
act
60%
half
60%
have
60%
kid
60%
like
60%
make
60%
though
60%
Yeah,
60%
could
50%
for
50%
resident
50%
Self
50%
stand
50%
wait
50%
when
50%
Why
50%
best
40%
bored
40%
bored,
40%
get
40%
gets
40%
loathing
40%
party
40%
see
40%
Laurel
30%
talk
20%
to
20%
walls
20%

Score Distribution

Percentile by Number Answered

Percent of People with Each Score

Your Score History

You have not taken this quiz